ChatGPT : Ứng dụng trí tuệ nhân tạo trong công việc
Nội dung sách trình bày khái quát về Generative AI nói chung và ChatGPT nói riêng. Hướng dẫn sử dụng ChatGPT để tiến hành nghiên cứu những nội dung mang tính lãnh đạo tư tưởng, viết nội dung có độ dài trung bình và viết nội dung chuyên sâu dạn...
Guardado en:
| Autor principal: | |
|---|---|
| Otros Autores: | |
| Formato: | Libro |
| Lenguaje: | Vietnamese |
| Publicado: |
H.
Dân trí ; Công ty Văn hoá và Truyền thông 1980 Books
2024
|
| Materias: | |
| Etiquetas: |
Agregar Etiqueta
Sin Etiquetas, Sea el primero en etiquetar este registro!
|
| Thư viện lưu trữ: | Thư viện Trường Đại học Nam Cần Thơ |
|---|
| LEADER | 01985nam a22002537a 4500 | ||
|---|---|---|---|
| 001 | NCT_4_016559 | ||
| 008 | 250116b xxu||||| |||| 00| 0 vie d | ||
| 999 | |c 8790 |d 8790 | ||
| 020 | |a 9786044065700 |c 169000 | ||
| 082 | 0 | 4 | |2 23rd ed. |a 006.3 |b T877 |
| 100 | 1 | |a Tsipursky, Gleb | |
| 245 | 1 | 0 | |a ChatGPT : |b Ứng dụng trí tuệ nhân tạo trong công việc |c Gleb Tsipursky ; Hạnh Dung (Dịch) |
| 260 | |a H. |b Dân trí ; Công ty Văn hoá và Truyền thông 1980 Books |c 2024 | ||
| 300 | |a 299 tr. |b Minh hoạ |c 19 cm | ||
| 500 | |a Tên sách tiếng Anh: ChatGPT thought leaders and content creators : Unlocking the potential of generative AI for innovative and effective content creation | ||
| 520 | 3 | |a Nội dung sách trình bày khái quát về Generative AI nói chung và ChatGPT nói riêng. Hướng dẫn sử dụng ChatGPT để tiến hành nghiên cứu những nội dung mang tính lãnh đạo tư tưởng, viết nội dung có độ dài trung bình và viết nội dung chuyên sâu dạng dài, tiếp thị những nội dung và vấn đề đạo đức khi sử dụng ChatGPT. | |
| 653 | |a Truyền thông đa phương tiện | ||
| 700 | 0 | |a Hạnh Dung |e Dịch | |
| 942 | |2 ddc |c BK | ||
| 952 | |0 0 |1 0 |2 ddc |4 0 |6 006_300000000000000_T877 |7 0 |9 30224 |a 000001 |b 000001 |d 2025-01-20 |o 006.3 T877 |p MD.23502 |r 2025-01-20 |v 169000.00 |w 2025-01-20 |y BK | ||
| 952 | |0 0 |1 0 |2 ddc |4 0 |6 006_300000000000000_T877 |7 0 |9 30225 |a 000001 |b 000001 |d 2025-01-20 |o 006.3 T877 |p MD.23503 |r 2025-01-20 |v 169000.00 |w 2025-01-20 |y BK | ||
| 952 | |0 0 |1 0 |2 ddc |4 0 |6 006_300000000000000_T877 |7 0 |9 30226 |a 000001 |b 000001 |d 2025-01-20 |o 006.3 T877 |p MD.23504 |r 2025-01-20 |v 169000.00 |w 2025-01-20 |y BK | ||
| 952 | |0 0 |1 0 |2 ddc |4 0 |6 006_300000000000000_T877 |7 0 |9 30227 |a 000001 |b 000001 |d 2025-01-20 |o 006.3 T877 |p MD.23505 |r 2025-01-20 |v 169000.00 |w 2025-01-20 |y BK | ||
| 980 | |a Thư viện Trường Đại học Nam Cần Thơ | ||


